[Event "Thessaloniki Aris CC Summer op 1st"]
[Site "Thessaloniki"]
[Date "2023.06.16"]
[Round "1"]
[White "Kotsalis, Evagelos"]
[Black "Mitsopoulos, Ioannis"]
[Result "1-0"]
[WhiteElo "1744"]
[BlackElo "1094"]
[PlyCount "91"]
[EventDate "2023.06.16"]
[EventType "swiss"]
[EventRounds "7"]
[EventCountry "GRE"]
[SourceTitle "EXT 2024"]
[Source "ChessBase"]
[SourceDate "2023.10.10"]
[SourceVersion "1"]
[SourceVersionDate "2023.10.10"]
[SourceQuality "1"]

1. e4 c6 2. d4 d5 3. e5 c5 4. dxc5 e6 5. b4 a5 6. c3 axb4 7. cxb4 b6 8. Be3 bxc5 9. bxc5 Qa5+ 10. Nd2 Nd7 11. Ngf3 Bxc5 12. Bxc5 Qxc5 13. Bd3 Qc3 14. Bb5 Ne7 15. 0-0 0-0 16. Qe2 Qa5 17. Nb3 Qb6 18. a4 Ba6 19. Nfd4 Bxb5 20. Nxb5 Ng6 21. a5 Qd8 22. f4 f6 23. N3d4 Rxa5 24. Rab1 fxe5 25. Nc6 Qb6+ 26. Nbd4 Qc7 27. Nxa5 Nxf4 28. Rxf4 Rxf4 29. Nxe6 Qa7+ 30. Kh1 Rf2 31. Qg4 Rf7 32. Ng5 Rf6 33. Nb7 Qa2 34. Rg1 Qd2 35. Qxd7 Qxg5 36. Qd8+ Kf7 37. Qxd5+ Kg6 38. Nc5 Qf5 39. Ne4 Rf8 40. Qc6+ Rf6 41. Nxf6 gxf6 42. Qf3 Qc2 43. Qg4+ Kf7 44. Rd1 e4 45. Rd7+ Ke8 46. Qe6+ 1-0

[Event "Thessaloniki-Chalkidiki-chT"]
[Site "Thessaloniki"]
[Date "2022.04.02"]
[Round "6"]
[White "Zonidis, Petros"]
[Black "Kotsalis, Evagelos"]
[Result "0-1"]
[WhiteElo "1635"]
[BlackElo "1735"]
[PlyCount "72"]
[EventDate "2022.02.20"]
[EventType "team-tourn"]
[EventRounds "7"]
[EventCountry "GRE"]
[SourceTitle "EXT 2024"]
[Source "ChessBase"]
[SourceDate "2023.10.10"]
[SourceVersion "1"]
[SourceVersionDate "2023.10.10"]
[SourceQuality "1"]

1. e4 e5 2. f4 exf4 3. Nf3 g5 4. Bc4 Nc6 5. d4 Bg7 6. c3 d6 7. 0-0 h6 8. Qb3 Qe7 9. g3 g4 10. Bxf4 gxf3 11. Rxf3 Nf6 12. Nd2 0-0 13. Re1 Na5 14. Qc2 Nxc4 15. Nxc4 d5 16. Nd2 Bf5 17. Bxh6 Bxe4 18. Bg5 Bxc2 19. Rxe7 Ne4 20. Bf4 Nxd2 21. Bxd2 Rac8 22. Bf4 Rfe8 23. Rxe8+ Rxe8 24. Bxc7 Re2 25. h4 Be4 26. Rf2 Re1+ 27. Rf1 Rxf1+ 28. Kxf1 Bh6 29. Ke2 b5 30. g4 Bc1 31. b3 Kg7 32. a4 a6 33. axb5 axb5 34. Bd6 Kg6 35. Bc7 Bb2 36. Ba5 Bc2 0-1

[Event "GRE-ch U18"]
[Site "Thessaloniki"]
[Date "2014.01.08"]
[Round "9"]
[White "Kotsalis, Evagelos"]
[Black "Tsaknakis, Zisis"]
[Result "0-1"]
[WhiteElo "1645"]
[BlackElo "1848"]
[PlyCount "40"]
[EventDate "2014.01.02"]
[EventType "swiss"]
[EventRounds "9"]
[EventCountry "GRE"]
[SourceTitle "EXT 2017"]
[Source "ChessBase"]
[SourceDate "2016.10.25"]
[SourceVersion "1"]
[SourceVersionDate "2016.10.25"]
[SourceQuality "1"]

1. e4 c5 2. Nc3 Nc6 3. f4 e6 4. Nf3 Nge7 5. Bb5 a6 6. Bxc6 Nxc6 7. 0-0 d5 8. d3 Be7 9. Qe1 0-0 10. Qg3 d4 11. Ne2 Nb4 12. Ne1 Bh4 13. Qf3 Bxe1 14. Rxe1 Nxc2 15. Rf1 Nxa1 16. f5 exf5 17. Qg3 Nc2 18. Bh6 Qf6 19. Bg5 Qg6 20. exf5 Bxf5 0-1

[Event "GRE-ch U16"]
[Site "Patras"]
[Date "2013.07.09"]
[Round "3.10"]
[White "Roinos, Ilias"]
[Black "Kotsalis, Evagelos"]
[Result "1-0"]
[WhiteElo "1915"]
[BlackElo "1599"]
[PlyCount "49"]
[EventDate "2013.07.08"]
[EventType "swiss"]
[EventRounds "9"]
[EventCountry "GRE"]
[SourceTitle "EXT 2024"]
[Source "ChessBase"]
[SourceDate "2023.10.10"]
[SourceVersion "1"]
[SourceVersionDate "2023.10.10"]
[SourceQuality "1"]

1. e4 e5 2. f4 exf4 3. Bc4 Nf6 4. Nc3 c6 5. e5 d5 6. exf6 dxc4 7. fxg7 Bxg7 8. Nf3 Na6 9. d4 cxd3 10. cxd3 0-0 11. 0-0 Nb4 12. d4 Nd5 13. Nxd5 Qxd5 14. h3 Rd8 15. Bxf4 Bxd4+ 16. Kh1 Bg7 17. Qe1 Qe6 18. Qh4 Bd7 19. Rae1 Qc4 20. Ne5 Qb4 21. Nxf7 Rf8 22. Nh6+ Kh8 23. Re7 Bf6 24. Rf7 Qxb2 25. Bc1 1-0

[Event "Thessaloniki Triandria op 5th"]
[Site "Thessaloniki"]
[Date "2012.04.18"]
[Round "2"]
[White "Drakaki, Anna Maria"]
[Black "Kotsalis, Evagelos"]
[Result "1-0"]
[WhiteElo "1834"]
[BlackElo "1561"]
[PlyCount "66"]
[EventDate "2012.04.17"]
[EventType "swiss"]
[EventRounds "7"]
[EventCountry "GRE"]
[SourceTitle "EXT 2014"]
[Source "ChessBase"]
[SourceDate "2013.11.20"]
[SourceVersion "1"]
[SourceVersionDate "2013.11.20"]
[SourceQuality "1"]

1. e4 e5 2. Nf3 Nc6 3. Bb5 Nf6 4. d3 Bc5 5. c3 0-0 6. Bxc6 bxc6 7. Nxe5 d5 8. d4 Nxe4 9. 0-0 Qf6 10. f3 Qxe5 11. fxe4 Bb6 12. exd5 Qxd5 13. Qf3 Qxf3 14. Rxf3 Bb7 15. Rg3 Rfe8 16. Be3 c5 17. Na3 cxd4 18. Bxd4 Bxd4+ 19. cxd4 Re2 20. Rc1 Rxb2 21. Rxc7 Re8 22. Rc2 Rxc2 23. Nxc2 g6 24. Kf2 Ba6 25. Ra3 Bc4 26. Ne3 Bb5 27. Rxa7 Rd8 28. d5 f5 29. Kf3 Bd3 30. Kf4 Be4 31. Ke5 f4 32. Ng4 Bxg2 33. Nf6+ Kh8 1-0